Вып. 10; Разведка и разработка нефтяных и газовых месторождений

書目詳細資料
Parent link:Разведка и разработка нефтяных и газовых месторождений: республиканский межведомственный научно-технический сборник/ Ивано-Франковский институт нефти и газа (ИФИНГ). Вып. 10.— , 1965-
語言:俄语
出版: 1973
主題:
格式: 圖書
KOHA link:https://koha.lib.tpu.ru/cgi-bin/koha/opac-detail.pl?biblionumber=192601

MARC

LEADER 00000nam2a2200000 4500
001 192601
005 20231101224428.0
035 |a (RuTPU)RU\TPU\book\210020 
035 |a RU\TPU\book\147571 
035 |a RU\TPU\book\153504 
035 |a RU\TPU\book\153505 
035 |a RU\TPU\book\183911 
090 |a 192601 
100 |a 20080419d1973 k y0rusy5003 ca 
101 0 |a rus 
102 |a UA 
105 |a a z 001zy 
200 0 |a Вып. 10 
210 |d 1973 
215 |a 185 с.  |c ил. 
320 |a Библиогр. в конце ст. 
461 1 |0 (RuTPU)RU\TPU\book\133894  |t Разведка и разработка нефтяных и газовых месторождений  |o республиканский межведомственный научно-технический сборник  |f Ивано-Франковский институт нефти и газа (ИФИНГ)  |v Вып. 10  |d 1965- 
606 1 |a Нефтегазоносность  |x Поиски и разведка  |2 stltpush  |3 (RuTPU)RU\TPU\subj\45612  |9 64805 
606 1 |a Нефтегазодобывающая промышленность  |2 stltpush  |3 (RuTPU)RU\TPU\subj\45576  |9 64770 
610 1 |a геология 
610 1 |a разведка 
610 1 |a нефтяные месторождения 
610 1 |a газовые месторождения 
610 1 |a разведочная геофизика 
610 1 |a промысловая геофизика 
610 1 |a бурение 
610 1 |a эксплуатация 
610 1 |a транспорт 
610 1 |a хранение 
610 1 |a экономика 
675 |a 553.98:550.8  |v 3 
675 |a 622.323  |v 3 
801 0 |a RU  |b RuMRKP  |c 19950704  |g psbo 
801 1 |a RU  |b 63413507  |c 20110304 
801 2 |a RU  |b 63413507  |c 20160706  |g RCR 
942 |c BK